000
00337nam a2200133Ia 4500
008
240624s9999 xx 000 0 und d
041
_a
eng
082
_a
658 WEN
100
_a
WENSLEY ROBIN
245
_a
EFFECTIVE MANAGEMENT IN PRACTICE ANALYTI
260
_c
2013
_a
New Delhi
_b
Sage
300
_a
xv, 232 p.; 23 cm.
365
_c
BPS
_b
38
999
_c
31105
_d
31105